| 000 -LEADER |
| fixed length control field |
00313nam a2200133Ia 4500 |
| 008 - FIXED-LENGTH DATA ELEMENTS--GENERAL INFORMATION |
| fixed length control field |
200615s9999||||xx |||||||||||||| ||und|| |
| 082 ## - DEWEY DECIMAL CLASSIFICATION NUMBER |
| Classification number |
650 |
| Item number |
INT-N |
| 100 ## - MAIN ENTRY--PERSONAL NAME |
| Personal name |
N.S.KUMAR |
| 245 #0 - TITLE STATEMENT |
| Title |
INTERNATIONAL BUSINESS |
| 250 ## - EDITION STATEMENT |
| Edition statement |
1ST |
| 260 ## - PUBLICATION, DISTRIBUTION, ETC. |
| Place of publication, distribution, etc. |
new delhi |
| Name of publisher, distributor, etc. |
ALLAHABAD LAW AGENCY |
| Date of publication, distribution, etc. |
2017 |
| 300 ## - PHYSICAL DESCRIPTION |
| Extent |
125 |
| 942 ## - ADDED ENTRY ELEMENTS (KOHA) |
| Koha item type |
Book |